Organization theory : (Record no. 60411)
[ view plain ]
| 000 -LEADER | |
|---|---|
| fixed length control field | 00972nam a2200289 a 4500 |
| 001 - CONTROL NUMBER | |
| control field | 60411 |
| 003 - CONTROL NUMBER IDENTIFIER | |
| rucl marc code | BD-RjUL |
| 005 - DATE AND TIME OF LATEST TRANSACTION | |
| control field | 20211209080833.0 |
| 008 - FIXED-LENGTH DATA ELEMENTS--GENERAL INFORMATION | |
| fixed length control field | 161231r19811967ilua b 001 0 eng |
| 020 ## - INTERNATIONAL STANDARD BOOK NUMBER | |
| International Standard Book Number | 0256025150 |
| 035 ## - SYSTEM CONTROL NUMBER | |
| System control number | (BD-RjUL)60535 |
| 040 ## - CATALOGING SOURCE | |
| Original cataloging agency | DLC |
| Transcribing agency | BD-RjUL |
| Modifying agency | DLC |
| Language of cataloging | eng |
| 041 ## - LANGUAGE CODE | |
| Language code of text/sound track or separate title | eng |
| 082 00 - DEWEY DECIMAL CLASSIFICATION NUMBER | |
| Classification number | 302.35 |
| Edition number | 23 |
| Author mark and year | SCO 1981 |
| 100 1# - MAIN ENTRY--PERSONAL NAME | |
| Personal name | Scott, William G. |
| 9 (RLIN) | 179780 |
| 245 10 - TITLE STATEMENT | |
| Title | Organization theory : |
| Remainder of title | a structural and behavioral analysis / |
| Statement of responsibility, etc. | William G. Scott, Terence R. Mitchell, Philip H. Birnbarum i.e. Birnbaum |
| 250 ## - EDITION STATEMENT | |
| Edition statement | 4th ed. |
| 260 ## - PUBLICATION, DISTRIBUTION, ETC. (IMPRINT) | |
| Place of publication, distribution, etc. | Homewood, Ill. : |
| Name of publisher, distributor, etc. | R.D. Irwin, |
| Date of publication, distribution, etc. | c1967 [ reprinted 1981 ] |
| 300 ## - PHYSICAL DESCRIPTION | |
| Pagination | xiv, 356 p. : |
| Illustrations | ill. ; |
| Size | 25 cm. |
| 504 ## - BIBLIOGRAPHY, ETC. NOTE | |
| Bibliography, etc | Includes bibliographical references and indexes. |
| 650 #0 - SUBJECT ADDED ENTRY--TOPICAL TERM | |
| Topical term or geographic name as entry element | Organization. |
| 9 (RLIN) | 170732 |
| Topical term or geographic name as entry element | Management. |
| 9 (RLIN) | 172842 |
| Topical term or geographic name as entry element | Organizational behavior. |
| 9 (RLIN) | 170696 |
| 700 1# - ADDED ENTRY--PERSONAL NAME | |
| Personal name | Mitchell, Terence R. |
| Personal name | Birnbaum-More, Philip H. |
| 942 ## - ADDED ENTRY ELEMENTS (KOHA) | |
| Source of classification or shelving scheme | Dewey Decimal Classification |
| Koha item type | Books |
| Lost status | Source of classification or shelving scheme | Damaged status | Not for loan | Collection code | Permanent Location | Current Location | Shelving location | Date acquired | Source of acquisition | Total Checkouts | Full call number | Date last seen | Copy number | Koha item type |
|---|---|---|---|---|---|---|---|---|---|---|---|---|---|---|
| Dewey Decimal Classification | Not For Loan | Non-fiction | Central Library, University of Rajshahi | Central Library, University of Rajshahi | Reading Room | 20/05/1990 | Asia Foundation | 658.4 SCO 1981 | 31/12/2016 | C-1 | Books |